000 00999cam a2200241 i 4500
005 20251108175525.0
008 250721s2017 ku gr 000 0 ara d
020 _a9789990605433
041 1 _aara
_heng
082 1 4 _a004.65
_bغ ر ي
100 1 _aغرينفيلد، سوزان
_eمؤلف.
240 1 0 _amind change: how digital technologies are leaving their marks on our brains.
245 1 0 _aتغير العقل :
_bكيف تترك التقنيات الرقمية بصماتها على أدمغتنا /
_cتأليف سوزان غرينفيلد ؛ ترجمة إيهاب عبد الرحيم علي.
300 _a397 صفحة.
490 0 _aعالم المعرفة ؛
_vرقم 445.
650 1 7 _aالتأثير الاجتماعي.
650 1 7 _aالانترنت.
653 _aشبكات التواصل الاجتماعي.
700 1 _aعلي، ايهاب عبد الرحيم
_eمترجم.
830 0 _aعالم المعرفة.
942 _2ddc
_cBK
999 _c136140
_d136140